| 000 | 00000nas##2200000za#4500 |
| 001 | 9.507606 |
| 003 | CaOODSP |
| 005 | 20210201085159 |
| 007 | cr ||||||||||| |
| 008 | 150406c2000||||xxc|| p o||||f| |0eng|d |
| 022 | |a1910-2259 |
| 040 | |aCaOODSP|beng |
| 043 | |an-cn--- |
| 086 | 1 |aBC9-1E-PDF |
| 110 | 2 |aCanadian Radio-television and Telecommunications Commission. |
| 245 | 10|aBroadcasting policy monitoring report |h[electronic resource] |
| 260 | |aGatineau - Quebec : |bCanadian Radio-television and Telecommunications Commission |
| 310 | |aAnnual |
| 362 | 1 |a2000-2007 |
| 500 | |aSubtitle varies. |
| 690 | 07|aBroadcasting industry|2gcpds |
| 690 | 07|aGovernment policy|2gcpds |
| 690 | 07|aInternet|2gcpds |
| 690 | 07|aRadio|2gcpds |
| 690 | 07|aTelevision|2gcpds |
| 775 | 08|tRapport de surveillance de la politique sur la radiodiffusion |w(CaOODSP)9.503990 |